00783nam a22002531i 450000100060000001000180000609000100002410000410003410100080007520000520008321000330013521500260016822500200019430000670021460600280028160600190030967500160032870000280034470200400037280100120041299000110042499400090043599500850044423855 a9789895501014 a23855 a20170304u u u0frey50 ba0 apor1 fDawn SirettaNo zooesegue o macaco simpático cCivilizaçãoaPortod2003 a[9] p.cil.d16x16 cm2 aJanela mágica aLivro cartonado com janelas. - Oferta de João Regal Ferreira 91083aAnimais selvagens 92402aInfantil a087.592104 1aSirettbDawn407093635 1aSilvabJoana Ferreira da473094310 aPTgRPC cLIVROS aCOMP 0010932593bBMVAdBMVAf0030064k087.5 SIR m2026-01-22o0rLIVROSu0-5 anos00